<?xml version="1.0" encoding="UTF-8"?>
<collection xmlns="http://www.loc.gov/MARC21/slim">
  <record>
    <leader>00000nam  2200000   4500</leader>
    <controlfield tag="001">INLIS000000000017189</controlfield>
    <controlfield tag="005">20240620111500</controlfield>
    <datafield tag="035" ind1="#" ind2="#">
      <subfield code="a">0010-0624000092</subfield>
    </datafield>
    <controlfield tag="007">ta</controlfield>
    <controlfield tag="008">240620################|##########|#|##</controlfield>
    <datafield tag="084" ind1="#" ind2="#">
      <subfield code="a">R 048 PIM I 2023</subfield>
    </datafield>
    <datafield tag="100" ind1=" " ind2="#">
      <subfield code="a">Muhammad Aqil Irham</subfield>
    </datafield>
    <datafield tag="245" ind1="1" ind2="#">
      <subfield code="a">Mandatori Halal 2024 Akselerasi Perwujudan Ekosistem dan Industri Halal Indonesia di Tingkat Global /</subfield>
      <subfield code="c">Muhammad Aqil Irham</subfield>
    </datafield>
    <datafield tag="260" ind1="#" ind2="#">
      <subfield code="a">Jakarta :</subfield>
      <subfield code="b">Pusbangkom Pimnas dan Manajerial ASN,</subfield>
      <subfield code="c">2023</subfield>
    </datafield>
    <datafield tag="300" ind1="#" ind2="#">
      <subfield code="a">115 halaman ;</subfield>
      <subfield code="c">30 cm</subfield>
    </datafield>
    <datafield tag="650" ind1="#" ind2="4">
      <subfield code="a">Halal Indonesia</subfield>
    </datafield>
    <datafield tag="520" ind1="#" ind2="#">
      <subfield code="a">Sebagai leading sector di bidang halal, BPJPH memiliki tanggung jawab untuk mewujudkan hal tersebut sebagai penyelenggara jaminan produk halal terkhusus, menyambut kewajiban harus bersertifikat (mandatory) Halal pada tahun 2024. BPJPH berkolaborasi dengan K/L lainnya serta unsur masyarakat dalam rangka edukasi, sosialisasi, pelayanan, hingga fasilitasi. BPJPH juga sudah mendigitalisasi proses dan mengeluarkan berbagai pedoman untuk memperjelas dan mempermudah masyarakat dan pelaku usaha untuk mengakses, mendapatkan informasi dan layanan penyelenggaraan jaminan produk halal.</subfield>
    </datafield>
    <datafield tag="856" ind1="#" ind2="#">
      <subfield code="a">Perpustakaan LAN Pusat</subfield>
    </datafield>
    <datafield tag="990" ind1="#" ind2="#">
      <subfield code="a">24.06.048</subfield>
    </datafield>
  </record>
</collection>
